banner koha

Utilizacao de sistema de energia total com turbinas a gas em destilarias de producao de alcool etilico [Energia eletrica; Combustivel] (Registro n. 106309)

MARC details
000 -LÍDER
campo de controle de tamanho fixo 01150nas a2200313 4500
001 - NÚMERO DE CONTROLE
campo de controle BR8102058
003 - IDENTIFICADOR DO NÚMERO DE CONTROLE
campo de controle BR-BrBNA
005 - DATA E HORÁRIO DA ÚLTIMA TRANSAÇÃO
campo de controle 20231205084625.0
007 - CAMPO FIXO DE DESCRIÇÃO FÍSICA--INFORMAÇÃO GERAL
campo de controle de tamanho fixo ta
008 - CAMPO DE DADOS FIXOS--INFORMAÇÃO GERAL
campo de controle de tamanho fixo 230509b bl.|||p| |||| 00| 00por d
040 ## - FONTE DA CATALOGAÇÃO
Instituição da catalogação original BR-BrBNA
Idioma da catalogação por
Instituição que transcreveu o registro Biblioteca Nacional de Agricultura
041 ## - CÓDIGO DE IDIOMA
Código do idioma do texto/trilha sonora ou título diferente (Pt)
072 ## - CÓDIGO DE CATEGORIA DE ASSUNTO
Código de Categoria de Assunto P05; F00
110 1# - ENTRADA PRINCIPAL--NOME CORPORATIVO
Nome corporativo ou nome da jurisdição Centro Tecnico de Aeronautica, Sao Jose dos Campos, SP (Brasil). Inst. de Pesquisa e Desenvolvimento
245 1# - TÍTULO
Título Utilizacao de sistema de energia total com turbinas a gas em destilarias de producao de alcool etilico [Energia eletrica; Combustivel]
246 1# - FORMA VARIANTE DO TÍTULO
Título/título abreviado [Utilization of the total energy system with gas turbines in ethylis alcohol distilleries [Electric energy; Fuel]]
650 ## - ASSUNTO--TERMO TÓPICO
Cabeçalho tópico ou nome geográfico Recurso energetico
650 ## - ASSUNTO--TERMO TÓPICO
Cabeçalho tópico ou nome geográfico Producao vegetal
650 ## - ASSUNTO--TERMO TÓPICO
Cabeçalho tópico ou nome geográfico Alcool
650 ## - ASSUNTO--TERMO TÓPICO
Cabeçalho tópico ou nome geográfico Equipamento industrial
650 ## - ASSUNTO--TERMO TÓPICO
Cabeçalho tópico ou nome geográfico Calor
650 ## - ASSUNTO--TERMO TÓPICO
Cabeçalho tópico ou nome geográfico Energia termica
650 ## - ASSUNTO--TERMO TÓPICO
Cabeçalho tópico ou nome geográfico Energia eletrica
650 ## - ASSUNTO--TERMO TÓPICO
Cabeçalho tópico ou nome geográfico Combustivel
650 ## - ASSUNTO--TERMO TÓPICO
Cabeçalho tópico ou nome geográfico Etanol
773 0# - ENTRADA ANALÍTICA
Título Brasil Acucareiro (Brazil)
ISSN - International Standard Serial Number ISSN 0006-9167
Partes relacionadas (Mar 1980), v. 95(3) p. 40-48
Número de controle do registro BR8102058
909 ## -
-- 202311
-- Lúcia
-- 55
-- Lúcia Elande
942 ## - ELEMENTOS DE ENTRADA ADICIONADOS (KOHA)
Fonte da classificação ou esquema de arquivamento na estante Classificação AGRIS
Ocultar no OPAC Não
Tipo de material Koha Analítica
Exemplares
Situação do descarte Fonte da classificação ou esquema de arquivamento na estante Situação física Não pode ser emprestado Biblioteca de origem Biblioteca atual Localização na estante Enumeração do periódico / cronologia Total de empréstimos Data de último acesso Número do exemplar Tipo de material Koha Fonte de aquisição
  Classificação AGRIS   Consulta local Biblioteca Nacional de Agricultura - Binagri Biblioteca Nacional de Agricultura - Binagri   (Mar 1980), v. 95(3) p. 40-48   29/11/2023 01 Periódicos Portaria Interministerial nº 164/94

BINAGRI

Telefone: (61)3218-2567/2388/3357/2097 - binagri@agro.gov.br

Ministério da Agricultura e Pecuária , Esplanada dos Ministérios, Bloco D, Anexo B, Brasília/DF, CEP: 70.043-900